000 00659nam a2200217 i 4500
001 16286
003 ES-MaACL
005 20230906151300.0
007 t|
008 000825s1998 sp ||||1| spa d
020 _a84-923298-5-8
080 _a347.627.2:159.9
080 _a159.922.7
100 1 _aArana Gondra, Ramón María.
_922257
245 1 0 _aReflexiones para padres separados /
_cRamón Arana-Gondra.
260 _a[Madrid] :
_bAtlántida,
_c[1998]
300 _a148 p. ;
_c21 cm.
650 1 4 _aDivorcio-
_xAspectos psicológicos.
_911954
650 1 4 _aHijos de padres divorciados-
_xPsicología.
_913360
852 _aES-MaACL
_jL-23574
_bR.128346
999 _c16286
_d16286